000
00293nam a22001337a 4500
008
170213b xxu||||| |||| 00| 0 eng d
020
_a
9781455750221
041
_a
eng
080
_a
61
100
_a
4
101
_a
SHM
245
_a
ELECTRONIC HEALTH RECORDS
_c
SCHANHALS, R
942
_2
udc
_c
BK
999
_c
5284
_d
5284